[Event "12th Novi Sad it"]
[Site "Novi Sad"]
[Date "1984.10.29"]
[EventDate "1986.10.17"]
[Round "11.3"]
[White "Djuric, Stefan"]
[Black "Petrovic, Vojislav"]
[Result "0-1"]
[WhiteElo "2450"]
[BlackElo "2330"]
[PlyCount "132"]
[Source "Perpetual Check"]

1. d4 Nf6 2. c4 g6 3. g3 Bg7 4. Bg2 O-O 5. Nc3 d6 6. Nf3 Nbd7 7. O-O e5 8. e4
exd4 9. Nxd4 Nc5 10. Nb3 Bg4 11. Qc2 Nfd7 12. Be3 c6 13. h3 Be6 14. Rfd1 Qe7
15. Nd5 cxd5 16. cxd5 Bxd5 17. Nxc5 Nxc5 18. Rxd5 Rac8 19. Rad1 Rfe8 20. Bg5
Qe6 21. f3 h6 22. Be3 Qf6 23. e5 Rxe5 24. Bd4 Qf5 25. Qxf5 Rxf5 26. Rxf5 gxf5
27. Bxg7 Kxg7 28. Rxd6 Rc7 29. Kf2 Ne6 30. Rd2 f4 31. g4 Kf6 32. h4 Ke5 33. Bf1
Nd4 34. Bd3 Rc1 35. Be4 b6 36. Kg2 f6 37. Bd3 Rg1+ 38. Kf2 Rh1 39. Bf1 Rxh4 40.
Rd1 f5 41. Re1+ Kf6 42. Re8 Rh2+ 43. Bg2 fxg4 44. Rf8+ Ke7 45. Rxf4 gxf3 46.
Re4+ Kf6 47. Rxd4 Rxg2+ 48. Kxf3 Rxb2 49. a4 Rb3+ 50. Ke4 a5 51. Rd6+ Kg5 52.
Rd5+ Kg4 53. Rd6 h5 54. Rg6+ Kh3 55. Kf4 h4 56. Ke4 Kh2 57. Kf4 h3 58. Ke4 Kh1
59. Kf4 h2 60. Ke4 Rb1 61. Kf3 Rf1+ 62. Ke3 Rg1 63. Rxb6 Kg2 64. Rg6+ Kf1 65.
Rf6+ Ke1 66. Rb6 Kd1 0-1

[Event "12th Novi Sad it"]
[Site "Novi Sad"]
[Date "1984.10.29"]
[EventDate "1986.10.17"]
[Round "11.4"]
[White "Smagin, Sergei"]
[Black "Bojkovic, Slobodan"]
[Result "1-0"]
[WhiteElo "2495"]
[BlackElo "2360"]
[PlyCount "33"]
[Source "Perpetual Check"]

1. e4 c5 2. Nf3 e6 3. c3 Nf6 4. e5 Nd5 5. d4 Nc6 6. a3 cxd4 7. cxd4 d6 8. Bd3
dxe5 9. dxe5 Qc7 10. O-O Nxe5 11. Nxe5 Qxe5 12. Bb5+ Kd8 13. Re1 Qd6 14. Qf3
Qc5 15. Ba4 f6 16. b4 Qc7 17. Qxd5+ 1-0

[Event "12th Novi Sad it"]
[Site "Novi Sad"]
[Date "1984.10.29"]
[EventDate "1986.10.17"]
[Round "11.5"]
[White "Sokolov, Ivan"]
[Black "Rakic, Tomislav"]
[Result "1/2-1/2"]
[WhiteElo "2425"]
[BlackElo "2385"]
[PlyCount "23"]
[Source "Perpetual Check"]

1. d4 Nf6 2. c4 e6 3. Nc3 d5 4. Nf3 Be7 5. Bg5 O-O 6. e3 h6 7. Bxf6 Bxf6 8. Rc1
c6 9. Bd3 dxc4 10. Bxc4 Nd7 11. O-O e5 12. h3 1/2-1/2

[Event "12th Novi Sad it"]
[Site "Novi Sad"]
[Date "1984.10.29"]
[EventDate "1986.10.17"]
[Round "11.6"]
[White "Jovic, Ljubomir"]
[Black "Popchev, Milko"]
[Result "0-1"]
[WhiteElo "2325"]
[BlackElo "2380"]
[PlyCount "144"]
[Source "Perpetual Check"]

1. e4 d6 2. d4 Nf6 3. Nc3 g6 4. Be2 Bg7 5. g4 h5 6. g5 Nfd7 7. f4 c5 8. Nf3
cxd4 9. Nxd4 Nc6 10. Nb3 Bxc3+ 11. bxc3 Qb6 12. Qd3 Nc5 13. Nxc5 Qxc5 14. Rb1
Qa5 15. Rb5 Qc7 16. c4 a6 17. Qc3 e5 18. Rd5 Be6 19. Be3 O-O-O 20. Rd2 Rhe8 21.
O-O exf4 22. Rxf4 Ne5 23. Rd4 Bg4 24. Bxg4+ hxg4 25. Kg2 Rh8 26. Bf2 Nf3 27.
Rxg4 Nxd4 28. Bxd4 Rhe8 29. Rf4 Re6 30. Kf3 Qc6 31. Bf6 Rd7 32. Qd4 Qc5 33. c3
Re8 34. Qd5 Qxd5 35. cxd5 b5 36. Ke3 Kb7 37. Kd3 Rc8 38. a4 bxa4 39. Rf2 a5 40.
Ra2 Ka6 41. Rxa4 Rb7 42. Ra2 Rb3 43. Bd4 Rb7 44. Rf2 a4 45. Ra2 Ka5 46. e5 dxe5
47. Bxe5 Rb3 48. Rf2 Rb7 49. c4 a3 50. Bd6 Ka4 51. Kd4 Re8 52. Rf3 Rb3 53. Rxf7
Ra8 54. Rf1 a2 55. Ra1 Rb2 56. Kc3 Rg2 57. Be5 Re8 58. Bf6 Ree2 59. d6 Rc2+ 60.
Kd3 Rgd2+ 61. Ke4 Rxd6 62. c5 Rdd2 63. Ke5 Re2+ 64. Kd6 Kb5 65. h4 Rcd2+ 66.
Kc7 Kxc5 67. h5 gxh5 68. g6 Rg2 69. g7 Rdf2 70. Be5 Kd5 71. Re1 Rf7+ 72. Kb6
Rfxg7 0-1